Disposicin̤ de bienes en la sociedad de gananciales

Detalles Bibliográficos
Autor principal: Santillǹ Santa Cruz, Romina
Formato: eBook
Lenguaje:español
Publicado: Lima: Palestra Editores, 2020
Materias:
Acceso en línea:Acceso restringido

MARC

LEADER 00000nam a22000007a 4500
005 20220819233836.0
007 cr|||| ||||
008 220819s2020 pe |||||s|||| 00||0 spa d
020 |a 9786123251413 
035 |a 36905 
040 |a vLex 
090 |c 13765  |d 13765 
100 1 |a Santillǹ Santa Cruz, Romina 
245 1 0 |a  Disposicin̤ de bienes en la sociedad de gananciales  |h [Recurso electrn̤ico] /  |c Romina Santillǹ Santa Cruz 
256 |a Servicio en ln̕ea 
260 |a Lima:  |b Palestra Editores,  |c 2020 
300 |a 1 recurso electrn̤ico 
500 |a Esta obra aborda, de manera orgǹica, el estudio de la disposicin̤ de los bienes en la sociedad de gananciales. Se centra especialmente en la sancin̤ que correspondera̕ aplicar a los actos de disposicin̤ individual de bienes comunes que contravienen la regla de actuacin̤ conjunta, debido a la ausencia de regulacin̤ sobre este particular asunto en el Derecho peruano. Una cuestin̤ que, como tendr ̀ocasin̤ de ver el lector, la autora resuelve jugando inteligentemente con el Derecho Comparado (sobre todo el espaǫl), con los criterios establecidos por la Corte Suprema de Justicia, y con una visin̤ teleolg̤ico-sistemt̀ica de las reglas establecidas en el artc̕ulo 315 del Cd̤igo civil peruano. La solucin̤ que propone gira en torno a la idea de legitimacin̤, y a la falta de legitimacin̤ de uno de los cn̤yuges para disponer individualmente de bienes comunes. Previo a ello, hace una introduccin̤ general al rǧimen de gananciales y a los bienes que conforman su activo, para luego sumergirse en el tp̤ico de la gestin̤ de los bienes comunes y privativos de los cn̤yuges. Desarrolla en forma ordenada y sistemt̀ica la legitimacin̤ de los cn̤yuges para disponer de los bienes comunes empleando una tipologa̕ general que estructura la materia en legitimacin̤ conjunta e individual. Expone los supuestos del artc̕ulo 315 que, a su juicio y sl̤ida razn̤, configurara̕n una falta de legitimacin̤ para disponer en los cn̤yuges, especificando las distintas medidas que podra̕n adoptar tanto el cn̤yuge preterido como los terceros posiblemente afectados. Como corolario de lo anterior, y siendo uno de sus principales aportes, elabora la tesis de la anm̤ala legitimacin̤ individual, cuyo argumento y alcance descubrir ̀el lector al introducirse en estas pg̀inas. 
506 1 |a Disponible solo en los productos indicados  |d vLex Global  |d vLex Global (Academic Edition, excluding Law Schools)  |d vLex Global (U.S. Academic Edition, Law Schools)  |d vLex Global (U.S. Academic Edition, excluding Law Schools)  |d vLex Global (Academic Edition, Law Schools) 
650 0 4 |a Derecho Civil  |z Per︢ 
650 0 4 |a Procedimiento Civil  |z Per︢ 
740 0 |a vLex Libros (Servicio en ln̕ea) 
856 4 0 |u https://app.vlex.com/#/sources/36905  |z Acceso restringido 
942 |c BOOK 
999 0 |a Civil Law 
999 0 |a Civil Procedure